| 000 | 00816nam a2200289 a 4500 | ||
|---|---|---|---|
| 001 | 000108253 | ||
| 003 | CHAP | ||
| 005 | 20220329144005.0 | ||
| 008 | 140120s2013 flua |r| |||1|||eng d | ||
| 010 | _a104715 | ||
| 011 | _a105687 | ||
| 020 | _a9781439867372 | ||
| 040 | _cCHAP | ||
| 082 | 0 | 4 |
_a581.10428 _bF15 |
| 100 | 0 | 0 |
_aFageria, N. K. _939317 |
| 245 | 1 | 4 |
_aThe role of plant roots in crop production / _cpor Nand Kumar Fageria. |
| 260 |
_aBoca Raton FL. : _bCRC Press, _c2013. |
||
| 300 |
_axv, 451 p. : _bil. |
||
| 500 | _aIncluye indice, bibliografia | ||
| 590 |
_aE11695DGD _b10 _c20140121 _lUCH01 _h0849 |
||
| 590 |
_aE5652GLJ _b05 _c20140120 _lUCH01 _h1249 |
||
| 650 | 1 | 4 |
_aCultivos _xRendimiento. _930318 |
| 650 | 1 | 4 |
_aRaĆces _xCrecimiento. _994672 |
| 901 | _aBK | ||
| 942 | _cLIBRO | ||
| 942 | _n0 | ||
| 999 |
_c104715 _d104715 |
||